[Event "Brandenburg-ch Seniors 18th"]
[Site "Rowy"]
[Date "2009.06.28"]
[Round "7"]
[White "Schmidt, Hans Juergen"]
[Black "Lachmirowicz, Maciej"]
[Result "1/2-1/2"]
[WhiteElo "1816"]
[BlackElo "1732"]
[PlyCount "145"]
[EventDate "2009.06.22"]
[EventType "swiss"]
[EventRounds "9"]
[EventCountry "POL"]
[SourceTitle "EXT 2022"]
[Source "ChessBase"]
[SourceDate "2021.10.06"]
[SourceVersion "1"]
[SourceVersionDate "2021.10.06"]
[SourceQuality "1"]

1. e4 d6 2. d4 Nf6 3. Nc3 g6 4. h3 Bg7 5. Be3 Nc6 6. a3 e5 7. Nge2 a6 8. f3 b6 9. Qd2 exd4 10. Nxd4 Nxd4 11. Bxd4 0-0 12. Bd3 Be6 13. Be3 Nd7 14. 0-0 Ne5 15. Qe2 b5 16. f4 Nxd3 17. cxd3 c5 18. Rfd1 Qc8 19. Rd2 Qc6 20. d4 Bc4 21. Qf2 b4 22. d5 Qe8 23. axb4 cxb4 24. Na4 Qxe4 25. Nb6 Rad8 26. Nxc4 Qxc4 27. Qf1 Qe4 28. Bb6 Rb8 29. Re1 Qf5 30. Bc7 Rb5 31. Bxd6 Rd8 32. Be5 Rbxd5 33. Rxd5 Rxd5 34. Qxa6 Qd7 35. Qa8+ Qd8 36. Qxd8+ Rxd8 37. Bxg7 Kxg7 38. Re4 Rb8 39. b3 h5 40. Kf2 Kf6 41. Ke3 Kf5 42. Re5+ Kf6 43. g4 hxg4 44. hxg4 Rc8 45. Kd2 Rc3 46. Re3 Rc6 47. Re4 Rb6 48. Kd3 Rb7 49. Re5 Rc7 50. Re3 Rc6 51. Re4 Rb6 52. Rc4 Rb7 53. Ke3 Ke6 54. Kd3 f5 55. gxf5+ Kxf5 56. Ke3 g5 57. fxg5 Kxg5 58. Ke4 Kf6 59. Rc6+ Ke7 60. Rc5 Kd7 61. Kd4 Rb8 62. Kc4 Kd6 63. Rb5 Rg8 64. Kxb4 Kc6 65. Ka4 Rf8 66. Rh5 Rf4+ 67. b4 Rf1 68. Rh6+ Kb7 69. b5 Rf7 70. Ka5 Rg7 71. Rb6+ Ka7 72. Rd6 Rf7 73. Kb4 1/2-1/2

[Event "Brandenburg-ch Seniors 18th"]
[Site "Rowy"]
[Date "2009.06.23"]
[Round "2"]
[White "Grabczynski, Zdzislaw"]
[Black "Lachmirowicz, Maciej"]
[Result "1-0"]
[WhiteElo "1738"]
[BlackElo "1732"]
[PlyCount "65"]
[EventDate "2009.06.22"]
[EventType "swiss"]
[EventRounds "9"]
[EventCountry "POL"]
[SourceTitle "EXT 2022"]
[Source "ChessBase"]
[SourceDate "2021.10.06"]
[SourceVersion "1"]
[SourceVersionDate "2021.10.06"]
[SourceQuality "1"]

1. d4 Nf6 2. c4 g6 3. Nc3 Bg7 4. e4 d6 5. f3 0-0 6. Be3 Nc6 7. Qd2 e5 8. d5 Ne7 9. g4 Nd7 10. h4 f5 11. gxf5 gxf5 12. Bg5 f4 13. Qg2 Kh8 14. h5 h6 15. Bh4 Rg8 16. Qh2 Nf6 17. Bh3 a6 18. Bxc8 Rxc8 19. Nh3 Qe8 20. Nf2 Kh7 21. 0-0-0 b5 22. cxb5 axb5 23. a3 c5 24. dxc6 Qxc6 25. Kb1 Ra8 26. Nd3 Qc4 27. Nb4 Nc6 28. Nxc6 Qxc6 29. Qh3 Rxa3 30. Qf5+ Kh8 31. Bxf6 Rxc3 32. Qg6 Bxf6 33. Qxh6# 1-0

[Event "Ostroda op 5th"]
[Site "Ostroda"]
[Date "2008.08.05"]
[Round "3.9"]
[White "Jaskowski, Piotr"]
[Black "Lachmirowicz, Maciej"]
[Result "1-0"]
[WhiteElo "1868"]
[BlackElo "1900"]
[PlyCount "61"]
[EventDate "2008.08.04"]
[EventType "swiss"]
[EventRounds "9"]
[EventCountry "POL"]
[SourceTitle "EXT 2023"]
[Source "ChessBase"]
[SourceDate "2022.10.05"]
[SourceVersion "1"]
[SourceVersionDate "2022.10.05"]
[SourceQuality "1"]

1. e4 d6 2. d4 Nf6 3. Bd3 g6 4. Ne2 Bg7 5. 0-0 0-0 6. c4 Nc6 7. a3 e5 8. d5 Ne7 9. h3 Nd7 10. Nbc3 b6 11. Bc2 a6 12. Ng3 Nc5 13. b4 Nb7 14. Rb1 f5 15. exf5 Nxf5 16. Bxf5 Bxf5 17. Nce4 Bxe4 18. Nxe4 Qh4 19. Qc2 Bh6 20. c5 Rac8 21. f3 dxc5 22. bxc5 Nxc5 23. Nxc5 Qd4+ 24. Kh1 Bxc1 25. Ne6 Qxd5 26. Nxf8 Bf4 27. Nxg6 hxg6 28. Qxg6+ Kh8 29. Qh5+ Kg7 30. Qg4+ Kf6 31. Qxc8 1-0

[Event "Brandenburg-ch Seniors 17th"]
[Site "Rowy"]
[Date "2008.06.30"]
[Round "7"]
[White "Lachmirowicz, Maciej"]
[Black "Szczepaniec, Stanislaw"]
[Result "0-1"]
[WhiteElo "1911"]
[BlackElo "2128"]
[PlyCount "96"]
[EventDate "2008.06.23"]
[EventType "swiss"]
[EventRounds "9"]
[EventCountry "POL"]
[SourceTitle "EXT 2022"]
[Source "ChessBase"]
[SourceDate "2021.10.06"]
[SourceVersion "1"]
[SourceVersionDate "2021.10.06"]
[SourceQuality "1"]

1. e4 c5 2. Nf3 Nc6 3. d4 cxd4 4. Nxd4 g6 5. Be2 Bg7 6. Nb3 Nf6 7. f3 0-0 8. c3 d5 9. exd5 Nxd5 10. Bc4 Nb6 11. Qxd8 Rxd8 12. Be2 a5 13. Be3 Nd5 14. Bc1 a4 15. N3d2 Ne3 16. Na3 Nxg2+ 17. Kf2 Nf4 18. Ndc4 Nxe2 19. Kxe2 Bf5 20. Be3 Bd3+ 21. Kf2 e5 22. Rhd1 b5 23. Nb6 Rab8 24. Rd2 e4 25. Rad1 f5 26. f4 Kf7 27. h4 Bf6 28. Kg3 Ke6 29. Bf2 h6 30. Be3 g5 31. fxg5 hxg5 32. Bxg5 Bxg5 33. hxg5 Rxb6 34. Rh2 Ke5 35. Rh6 f4+ 36. Kh4 Rd6 37. Rxd6 Kxd6 38. g6 Ke6 39. Kg5 f3 40. Kh6 Ne7 41. Kh7 f2 42. g7 f1Q 43. Rxf1 Bxf1 44. g8Q+ Nxg8 45. Kxg8 Rb7 46. Nc2 Kf6 47. Ne3 Bc4+ 48. Kh8 Kg6 0-1

[Event "Brandenburg-ch Seniors 17th"]
[Site "Rowy"]
[Date "2008.06.23"]
[Round "1"]
[White "Lachmirowicz, Maciej"]
[Black "Ollek, Karl Heinz"]
[Result "1-0"]
[WhiteElo "1911"]
[BlackElo "1611"]
[PlyCount "73"]
[EventDate "2008.06.23"]
[EventType "swiss"]
[EventRounds "9"]
[EventCountry "POL"]
[SourceTitle "EXT 2022"]
[Source "ChessBase"]
[SourceDate "2021.10.06"]
[SourceVersion "1"]
[SourceVersionDate "2021.10.06"]
[SourceQuality "1"]

1. e4 c5 2. Nf3 e6 3. d4 cxd4 4. Nxd4 Nf6 5. f3 Nc6 6. Be3 a6 7. Nd2 Be7 8. N2b3 d5 9. Nxc6 bxc6 10. exd5 Nxd5 11. Bf2 Bf6 12. c3 0-0 13. Bc4 Nb6 14. Qxd8 Bxd8 15. Be2 Na4 16. 0-0-0 Be7 17. Kc2 e5 18. Na5 c5 19. b3 Bf5+ 20. Bd3 Bxd3+ 21. Rxd3 Nb6 22. Nc6 Bf6 23. Bxc5 Rfc8 24. Bxb6 Rxc6 25. Ba5 g6 26. Rhd1 Rac8 27. c4 Re8 28. Rd6 Re6 29. Rxc6 Rxc6 30. Bc3 Kg7 31. Rd5 Re6 32. g4 e4 33. Bxf6+ Kxf6 34. fxe4 Rxe4 35. Kd3 Re6 36. h4 Ke7 37. b4 1-0

[Event "POL-ch Seniors 18th"]
[Site "Rowy"]
[Date "2007.09.15"]
[Round "8.11"]
[White "Kowalska, Elzbieta"]
[Black "Lachmirowicz, Maciej"]
[Result "1-0"]
[WhiteElo "1975"]
[BlackElo "1914"]
[PlyCount "20"]
[EventDate "2007.09.09"]
[EventType "swiss"]
[EventRounds "9"]
[EventCountry "POL"]
[SourceTitle "EXT 2023"]
[Source "ChessBase"]
[SourceDate "2022.10.05"]
[SourceVersion "1"]
[SourceVersionDate "2022.10.05"]
[SourceQuality "1"]

1. e4 d6 2. d4 Nf6 3. Nc3 g6 4. f4 Bg7 5. Nf3 c5 6. dxc5 Qa5 7. Qd4 Qxc5 8. Qxc5 dxc5 9. e5 Ng8 10. Be3 b6 1-0

[Event "POL-ch Seniors 18th"]
[Site "Rowy"]
[Date "2007.09.13"]
[Round "6.10"]
[White "Krawcewicz, Lucyna"]
[Black "Lachmirowicz, Maciej"]
[Result "1/2-1/2"]
[WhiteElo "1984"]
[BlackElo "1914"]
[PlyCount "51"]
[EventDate "2007.09.09"]
[EventType "swiss"]
[EventRounds "9"]
[EventCountry "POL"]
[SourceTitle "EXT 2023"]
[Source "ChessBase"]
[SourceDate "2022.10.05"]
[SourceVersion "1"]
[SourceVersionDate "2022.10.05"]
[SourceQuality "1"]

1. d4 Nf6 2. Nf3 g6 3. Nc3 Bg7 4. e4 d6 5. Be2 Nc6 6. h3 0-0 7. 0-0 e5 8. Be3 Nd7 9. Bg5 f6 10. Be3 exd4 11. Nxd4 Nxd4 12. Bxd4 Ne5 13. f4 Nc6 14. Bf3 Kh8 15. Ne2 Be6 16. Bc3 Qe7 17. g4 Rad8 18. Qd3 a6 19. f5 Ne5 20. Bxe5 dxe5 21. Qc3 Bf7 22. a3 Rd7 23. Rad1 Rfd8 24. Rxd7 Rxd7 25. Nc1 Bh6 26. Nd3 1/2-1/2

[Event "Brandenburg Seniors op 16th"]
[Site "Rowy"]
[Date "2007.06.23"]
[Round "5"]
[White "Groeling, Juergen"]
[Black "Lachmirowicz, Maciej"]
[Result "1-0"]
[WhiteElo "1944"]
[BlackElo "1914"]
[PlyCount "77"]
[EventDate "2007.06.18"]
[EventType "swiss"]
[EventRounds "9"]
[EventCountry "POL"]
[SourceTitle "EXT 2011"]
[Source "ChessBase"]
[SourceDate "2010.11.26"]
[SourceVersion "1"]
[SourceVersionDate "2010.11.26"]
[SourceQuality "1"]

1. b3 Nf6 2. Bb2 g6 3. e4 d6 4. g3 Bg7 5. Bg2 Nc6 6. Ne2 0-0 7. 0-0 e5 8. d4 Ng4 9. h3 Nf6 10. d5 Ne7 11. c4 b6 12. a4 a5 13. Nbc3 Nd7 14. f4 f5 15. fxe5 Nxe5 16. Qd2 Rb8 17. Rae1 fxe4 18. Nxe4 Bf5 19. g4 Bxe4 20. Bxe4 Qd7 21. Nd4 h5 22. Ne6 Rxf1+ 23. Rxf1 c6 24. gxh5 cxd5 25. cxd5 Rf8 26. Rxf8+ Bxf8 27. Qf4 Qe8 28. Bxe5 dxe5 29. Qxe5 Bh6 30. d6 Nc6 31. Qf6 Nb8 32. hxg6 Nd7 33. Qe7 Qxe7 34. dxe7 Nf6 35. Nc7 Be3+ 36. Kg2 Bf4 37. Nd5 Ne8 38. Nxf4 Kg7 39. Bc6 1-0

[Event "Brandenburg Seniors op 16th"]
[Site "Rowy"]
[Date "2007.06.22"]
[Round "4"]
[White "Lachmirowicz, Maciej"]
[Black "Schueler, Wolfgang"]
[Result "1/2-1/2"]
[WhiteElo "1914"]
[BlackElo "2061"]
[PlyCount "48"]
[EventDate "2007.06.18"]
[EventType "swiss"]
[EventRounds "9"]
[EventCountry "POL"]
[SourceTitle "EXT 2011"]
[Source "ChessBase"]
[SourceDate "2010.11.26"]
[SourceVersion "1"]
[SourceVersionDate "2010.11.26"]
[SourceQuality "1"]

1. e4 e5 2. Nf3 Nc6 3. Bb5 a6 4. Bxc6 dxc6 5. d4 exd4 6. Qxd4 Qxd4 7. Nxd4 c5 8. Ne2 Ne7 9. Be3 Nc6 10. c3 b6 11. 0-0 Bd7 12. Rd1 0-0-0 13. Na3 g6 14. Bg5 Re8 15. f3 Be7 16. Bxe7 Rxe7 17. Kf2 f5 18. exf5 Bxf5 19. Ng3 Rf8 20. Rd5 Be6 21. Rd2 Ne5 22. h3 Nd7 23. Rad1 Nf6 24. Ne2 Rfe8 1/2-1/2

[Event "Brandenburg Seniors op 15th"]
[Site "Rowy"]
[Date "2006.06.26"]
[Round "7"]
[White "Lachmirowicz, Maciej"]
[Black "Gensch, Manfred"]
[Result "1/2-1/2"]
[WhiteElo "1930"]
[BlackElo "1717"]
[PlyCount "34"]
[EventDate "2006.06.19"]
[EventType "swiss"]
[EventRounds "9"]
[EventCountry "POL"]
[SourceTitle "EXT 2007"]
[Source "ChessBase"]
[SourceDate "2006.11.23"]
[SourceVersion "1"]
[SourceVersionDate "2006.11.23"]
[SourceQuality "1"]

1. e4 e5 2. Nf3 Nc6 3. Bb5 a6 4. Ba4 Nf6 5. d3 d6 6. h3 b5 7. Bb3 Na5 8. Nc3 Bb7 9. Bg5 Nxb3 10. axb3 Be7 11. 0-0 0-0 12. Qe2 Nxe4 13. Bxe7 Nxc3 14. bxc3 Qxe7 15. Rae1 Qf6 16. Nd2 Qg6 17. f3 Rae8 1/2-1/2

[Event "Brandenburg Seniors op 15th"]
[Site "Rowy"]
[Date "2006.06.25"]
[Round "6"]
[White "Szczepaniec, Stanislaw"]
[Black "Lachmirowicz, Maciej"]
[Result "1-0"]
[WhiteElo "2213"]
[BlackElo "1930"]
[PlyCount "72"]
[EventDate "2006.06.19"]
[EventType "swiss"]
[EventRounds "9"]
[EventCountry "POL"]
[SourceTitle "EXT 2007"]
[Source "ChessBase"]
[SourceDate "2006.11.23"]
[SourceVersion "1"]
[SourceVersionDate "2006.11.23"]
[SourceQuality "1"]

1. c4 Nf6 2. Nc3 g6 3. e4 d6 4. d4 Bg7 5. Nf3 0-0 6. h3 Nc6 7. d5 Ne5 8. Nxe5 dxe5 9. Bg5 h6 10. Be3 a6 11. Qd2 Kh7 12. Be2 b6 13. 0-0 Ne8 14. b4 f5 15. f3 f4 16. Bf2 Nf6 17. c5 g5 18. Rfc1 h5 19. cxb6 cxb6 20. Na4 Rb8 21. b5 axb5 22. Bxb5 g4 23. hxg4 hxg4 24. Kf1 Bh6 25. Qb4 g3 26. Bg1 Bd7 27. Rab1 Bg7 28. Bxd7 Nxd7 29. Rc6 b5 30. Nc5 Rf6 31. Ne6 Qe8 32. Rb2 Qf7 33. Ng5+ Kg8 34. Nxf7 Kxf7 35. Qa5 Rh8 36. Rxb5 Rfh6 1-0

[Event "Brandenburg Seniors op 15th"]
[Site "Rowy"]
[Date "2006.06.24"]
[Round "5"]
[White "Lachmirowicz, Maciej"]
[Black "Bade, Heidrun"]
[Result "1/2-1/2"]
[WhiteElo "1930"]
[BlackElo "1790"]
[PlyCount "116"]
[EventDate "2006.06.19"]
[EventType "swiss"]
[EventRounds "9"]
[EventCountry "POL"]
[SourceTitle "EXT 2007"]
[Source "ChessBase"]
[SourceDate "2006.11.23"]
[SourceVersion "1"]
[SourceVersionDate "2006.11.23"]
[SourceQuality "1"]

1. e4 e5 2. Nf3 Nc6 3. Bb5 Nf6 4. 0-0 a6 5. Ba4 Be7 6. Re1 b5 7. Bb3 0-0 8. d4 d6 9. h3 Bb7 10. d5 Na5 11. Nbd2 Nxb3 12. Nxb3 c6 13. dxc6 Bxc6 14. Nbd2 Qb6 15. b3 Rac8 16. Bb2 Rfd8 17. Rc1 Qb7 18. Qe2 Nd7 19. Kh2 Nc5 20. Ba3 Ne6 21. g3 b4 22. Bb2 Bb5 23. Qe3 h6 24. h4 f6 25. a4 Be8 26. Nc4 Nc5 27. Rcd1 Bf7 28. Nfd2 d5 29. exd5 Bxd5 30. f4 Bxc4 31. Nxc4 Rxd1 32. Rxd1 exf4 33. Qxf4 Qc6 34. Rd2 Qe6 35. Qe3 Kf7 36. Re2 Qxe3 37. Rxe3 Nxa4 38. Bd4 Nc5 39. Kg2 Ne6 40. Bb6 Bc5 41. Bxc5 Rxc5 42. Rd3 Ke7 43. Kf3 a5 44. Rd2 a4 45. Nb6 axb3 46. Nd5+ Ke8 47. cxb3 Rb5 48. Ke3 Rb7 49. Rc2 Kd7 50. Rc4 Kd6 51. Nxb4 Nc5 52. Rd4+ Ke6 53. Rc4 Nxb3 54. Re4+ Kd6 55. Kf4 Nc5 56. Rd4+ Ke6 57. Nc6 Rc7 58. Nb4 Rb7 1/2-1/2

[Event "Brandenburg Seniors op 15th"]
[Site "Rowy"]
[Date "2006.06.19"]
[Round "1"]
[White "Lachmirowicz, Maciej"]
[Black "Serowy, Reinhold"]
[Result "1-0"]
[WhiteElo "1930"]
[BlackElo "1369"]
[PlyCount "51"]
[EventDate "2006.06.19"]
[EventType "swiss"]
[EventRounds "9"]
[EventCountry "POL"]
[SourceTitle "EXT 2007"]
[Source "ChessBase"]
[SourceDate "2006.11.23"]
[SourceVersion "1"]
[SourceVersionDate "2006.11.23"]
[SourceQuality "1"]

1. e4 e5 2. Nf3 Nf6 3. Nc3 Nc6 4. d4 exd4 5. Nxd4 Bb4 6. Nxc6 bxc6 7. Bd3 d6 8. 0-0 0-0 9. Qf3 Bg4 10. Qg3 Qd7 11. h3 Be6 12. f4 Nh5 13. Qg5 g6 14. f5 f6 15. fxe6 Qxe6 16. Qg4 Qe5 17. Ne2 Bc5+ 18. Kh1 Rab8 19. Rb1 d5 20. b3 dxe4 21. Qxe4 Qd6 22. Bf4 Qd7 23. Qc4+ Kh8 24. Qxc5 Qg7 25. Ng3 Rb5 26. Bxb5 1-0

[Event "Brandenburg Seniors op 14th"]
[Site "Rowy"]
[Date "2005.06.28"]
[Round "8"]
[White "Augustat, Siegfried"]
[Black "Lachmirowicz, Maciej"]
[Result "0-1"]
[WhiteElo "1785"]
[BlackElo "1917"]
[PlyCount "78"]
[EventDate "2005.06.20"]
[EventType "swiss"]
[EventRounds "9"]
[EventCountry "POL"]
[SourceTitle "EXT 2007"]
[Source "ChessBase"]
[SourceDate "2006.11.23"]
[SourceVersion "1"]
[SourceVersionDate "2006.11.23"]
[SourceQuality "1"]

1. e4 d6 2. d4 Nf6 3. Nc3 g6 4. f4 Bg7 5. Nf3 a6 6. a4 e6 7. Be2 b6 8. 0-0 0-0 9. e5 Ne8 10. Be3 Bb7 11. Qe1 Nd7 12. g4 f6 13. Qh4 fxe5 14. Qxd8 Rxd8 15. fxe5 Bxf3 16. Bxf3 dxe5 17. dxe5 Nxe5 18. Be2 Nd6 19. Bg5 Rxf1+ 20. Rxf1 Rf8 21. Rxf8+ Kxf8 22. Bd8 Ne8 23. Bxa6 Nxg4 24. Bb5 Bf6 25. Bxf6 Ngxf6 26. b4 Ke7 27. a5 Nd6 28. a6 Nc8 29. Bc6 Kd6 30. Bb7 Na7 31. h3 c6 32. Kf2 h6 33. Kf3 Nd5 34. Na2 b5 35. Ke4 e5 36. h4 Nf6+ 37. Ke3 g5 38. hxg5 hxg5 39. Nc1 Nd5+ 0-1

[Event "Rowy Jantar op"]
[Site "Rowy"]
[Date "2005.06.25"]
[Round "5"]
[White "Lachmirowicz, Maciej"]
[Black "Grigoleit, Eckhard"]
[Result "1-0"]
[WhiteElo "1917"]
[BlackElo "1612"]
[PlyCount "67"]
[EventDate "2005.06.20"]
[EventType "swiss"]
[EventRounds "9"]
[EventCountry "POL"]
[SourceTitle "EXT 2007"]
[Source "ChessBase"]
[SourceDate "2006.11.23"]
[SourceVersion "1"]
[SourceVersionDate "2006.11.23"]
[SourceQuality "1"]

1. e4 e5 2. Nf3 Nc6 3. Bb5 d6 4. d4 Bd7 5. d5 Nce7 6. Bxd7+ Qxd7 7. Nc3 h6 8. Be3 Nf6 9. h3 g5 10. Qd3 a6 11. 0-0-0 Ng6 12. g3 g4 13. hxg4 Nxg4 14. Nh4 Nxh4 15. Rxh4 Be7 16. Rhh1 0-0-0 17. Kb1 Bg5 18. Qe2 Nxe3 19. fxe3 c6 20. Na4 Qc7 21. Rd3 c5 22. c4 b5 23. cxb5 axb5 24. Nc3 Qb6 25. Rc1 c4 26. Nxb5 Qxb5 27. Rb3 Qa5 28. Qg4+ f5 29. Qxf5+ Rd7 30. Rxc4+ Qc5 31. Rxc5+ dxc5 32. Qxe5 Rdd8 33. Rb8+ Kd7 34. Rb7+ 1-0

[Event "Rowy Jantar op"]
[Site "Rowy"]
[Date "2005.06.22"]
[Round "3"]
[White "Lachmirowicz, Maciej"]
[Black "Krawcewicz, Lucyna"]
[Result "0-1"]
[WhiteElo "1917"]
[BlackElo "2065"]
[PlyCount "93"]
[EventDate "2005.06.20"]
[EventType "swiss"]
[EventRounds "9"]
[EventCountry "POL"]
[SourceTitle "EXT 2007"]
[Source "ChessBase"]
[SourceDate "2006.11.23"]
[SourceVersion "1"]
[SourceVersionDate "2006.11.23"]
[SourceQuality "1"]

1. e4 c5 2. Nf3 e6 3. d4 cxd4 4. Nxd4 Nf6 5. Nc3 a6 6. Be3 Bb4 7. f3 Bxc3+ 8. bxc3 0-0 9. Bc4 Qc7 10. Qd3 b5 11. Bb3 Bb7 12. c4 bxc4 13. Qxc4 Qe5 14. Qd3 d5 15. exd5 Bxd5 16. 0-0 Nbd7 17. Ne2 Qc7 18. Nf4 Ne5 19. Nxd5 Nxd5 20. Qd4 Nxe3 21. Qxe3 Rfc8 22. Rad1 a5 23. a4 Nd7 24. Rd3 Ne5 25. Rd4 Nc6 26. Rd2 Rd8 27. Rfd1 Rxd2 28. Rxd2 g6 29. Bxe6 Qa7 30. Qxa7 Rxa7 31. Bb3 Nb4 32. Kf2 Re7 33. g3 Kg7 34. Re2 Rc7 35. Ke1 f5 36. Kd2 Nc6 37. c3 Kh6 38. Re6 Kg5 39. h4+ Kh5 40. Bd1 f4 41. g4+ Kxh4 42. Be2 Kg3 43. Re4 Nd8 44. Re5 Nb7 45. c4 Nc5 46. Kc3 Kf2 47. Bd1 0-1

[Event "Rowy Jantar op"]
[Site "Rowy"]
[Date "2005.06.20"]
[Round "1"]
[White "Lachmirowicz, Maciej"]
[Black "Ulrich, Gert"]
[Result "1-0"]
[WhiteElo "1917"]
[BlackElo "1490"]
[PlyCount "42"]
[EventDate "2005.06.20"]
[EventType "swiss"]
[EventRounds "9"]
[EventCountry "POL"]
[SourceTitle "EXT 2007"]
[Source "ChessBase"]
[SourceDate "2006.11.23"]
[SourceVersion "1"]
[SourceVersionDate "2006.11.23"]
[SourceQuality "1"]

1. e4 c5 2. Nf3 e6 3. d4 cxd4 4. Nxd4 a6 5. Be2 Nf6 6. Nc3 Qc7 7. 0-0 Bc5 8. Bg5 d6 9. a3 Nbd7 10. Qd3 h6 11. Bh4 0-0 12. Rad1 Nh7 13. Be7 b5 14. Bxf8 Kxf8 15. Bh5 Bb7 16. Kh1 Rc8 17. b4 Ba7 18. f4 Bb8 19. Bf3 Nb6 20. Na2 Ba8 21. f5 e5 1-0

[Event "Brandenburg Seniors op 13th"]
[Site "Rowy"]
[Date "2004.06.29"]
[Round "8"]
[White "Lachmirowicz, Maciej"]
[Black "Schueler, Wolfgang"]
[Result "0-1"]
[WhiteElo "1888"]
[BlackElo "1972"]
[PlyCount "101"]
[EventDate "2004.06.21"]
[EventType "swiss"]
[EventRounds "9"]
[EventCountry "POL"]
[SourceTitle "EXT 2006"]
[Source "ChessBase"]
[SourceDate "2005.11.24"]
[SourceVersion "1"]
[SourceVersionDate "2005.11.24"]
[SourceQuality "1"]

1. e4 e5 2. Nf3 Nc6 3. Bb5 a6 4. Bxc6 dxc6 5. 0-0 Bg4 6. d3 Qf6 7. Nbd2 Bd6 8. b3 Ne7 9. Bb2 c5 10. h3 Be6 11. Nc4 Nc6 12. c3 0-0-0 13. Qe2 g5 14. Bc1 Rdg8 15. Nh2 h5 16. Qf3 Qg7 17. g4 hxg4 18. Nxg4 Rh4 19. Nce3 Kb8 20. Kg2 Ne7 21. Bd2 Qg6 22. Rh1 f5 23. exf5 Nxf5 24. Nc4 Qg7 25. Nxd6 cxd6 26. Rae1 Bd7 27. Ne3 Rf4 28. Nxf5 Rxf5 29. Qg3 Bc6+ 30. Re4 g4 31. Kf1 Bxe4 32. dxe4 Rf3 33. Qg2 Rxh3 34. Rxh3 gxh3 35. Qxh3 Qg1+ 36. Ke2 Qg4+ 37. Qxg4 Rxg4 38. Kd3 Kc7 39. a3 Kc6 40. c4 b5 41. Be1 Rg1 42. Ke2 Rh1 43. a4 Rh3 44. f3 bxa4 45. bxa4 Rh2+ 46. Bf2 Rh7 47. a5 Rb7 48. Be3 Rb4 49. Kd3 Rb3+ 50. Ke2 Rc3 51. f4 0-1

[Event "Brandenburg Seniors op 13th"]
[Site "Rowy"]
[Date "2004.06.22"]
[Round "2"]
[White "Lachmirowicz, Maciej"]
[Black "Handel, Horst"]
[Result "1/2-1/2"]
[WhiteElo "1888"]
[BlackElo "2104"]
[PlyCount "27"]
[EventDate "2004.06.21"]
[EventType "swiss"]
[EventRounds "9"]
[EventCountry "POL"]
[SourceTitle "EXT 2006"]
[Source "ChessBase"]
[SourceDate "2005.11.24"]
[SourceVersion "1"]
[SourceVersionDate "2005.11.24"]
[SourceQuality "1"]

1. e4 e6 2. d4 d5 3. exd5 exd5 4. Bd3 c5 5. Qe2+ Be7 6. dxc5 Nf6 7. Nf3 0-0 8. 0-0 Bxc5 9. Bg5 h6 10. Bh4 Be6 11. Nbd2 Nc6 12. Nb3 Bb6 13. a3 Re8 14. Rae1 1/2-1/2

[Event "Brandenburg Seniors op 12th"]
[Site "Rowy"]
[Date "2003.06.25"]
[Round "9"]
[White "Strehlow, Horst"]
[Black "Lachmirowicz, Maciej"]
[Result "1-0"]
[WhiteElo "2139"]
[BlackElo "1778"]
[PlyCount "33"]
[EventDate "2003.06.??"]
[EventType "swiss"]
[EventRounds "9"]
[EventCountry "POL"]
[SourceTitle "EXT 2006"]
[Source "ChessBase"]
[SourceDate "2005.11.24"]
[SourceVersion "1"]
[SourceVersionDate "2005.11.24"]
[SourceQuality "1"]

1. e4 d6 2. d4 Nf6 3. Nc3 g6 4. f4 Bg7 5. Nf3 0-0 6. Bd3 c5 7. dxc5 dxc5 8. e5 Nd5 9. Bd2 b6 10. Qe2 Nxc3 11. Bxc3 Bb7 12. h4 h5 13. 0-0-0 Qc7 14. Ng5 Nc6 15. g4 Nd4 16. Bxd4 Bxh1 17. Rxh1 1-0

[Event "Brandenburg Seniors op 12th"]
[Site "Rowy"]
[Date "2003.06.24"]
[Round "8"]
[White "Lachmirowicz, Maciej"]
[Black "Scheide, Helmut"]
[Result "1/2-1/2"]
[WhiteElo "1778"]
[BlackElo "2004"]
[PlyCount "49"]
[EventDate "2003.06.??"]
[EventType "swiss"]
[EventRounds "9"]
[EventCountry "POL"]
[SourceTitle "EXT 2006"]
[Source "ChessBase"]
[SourceDate "2005.11.24"]
[SourceVersion "1"]
[SourceVersionDate "2005.11.24"]
[SourceQuality "1"]

1. e4 e5 2. Nf3 Nc6 3. Bb5 a6 4. Bxc6 dxc6 5. 0-0 Bg4 6. h3 h5 7. d4 exd4 8. Qxd4 Bxf3 9. Qxd8+ Rxd8 10. gxf3 Bd6 11. Nc3 Ne7 12. Be3 Ng6 13. Ne2 Ne5 14. Kg2 Rg8 15. Rfd1 g5 16. Bd4 Ng6 17. Kf1 g4 18. fxg4 hxg4 19. hxg4 Ne5 20. Bxe5 Bxe5 21. Rxd8+ Kxd8 22. f3 Rh8 23. c3 Rh1+ 24. Ng1 Rh2 25. Ne2 1/2-1/2

[Event "Brandenburg Seniors op 12th"]
[Site "Rowy"]
[Date "2003.06.22"]
[Round "6"]
[White "Lachmirowicz, Maciej"]
[Black "Keusch, Horst"]
[Result "0-1"]
[WhiteElo "1778"]
[BlackElo "1974"]
[PlyCount "35"]
[EventDate "2003.06.??"]
[EventType "swiss"]
[EventRounds "9"]
[EventCountry "POL"]
[SourceTitle "EXT 2006"]
[Source "ChessBase"]
[SourceDate "2005.11.24"]
[SourceVersion "1"]
[SourceVersionDate "2005.11.24"]
[SourceQuality "1"]

1. e4 d6 2. d4 Nf6 3. Bd3 e5 4. dxe5 dxe5 5. Nf3 Bd6 6. Nc3 0-0 7. 0-0 c6 8. Bg5 Bg4 9. h3 Bh5 10. a3 Nbd7 11. Qe2 Qe7 12. Rad1 b5 13. Rd2 Bc5 14. b4 Bb6 15. Rfd1 a5 16. Bxb5 axb4 17. Rxd7 Bxf3 18. Qxf3 0-1

[Event "Brandenburg Seniors op 12th"]
[Site "Rowy"]
[Date "2003.06.19"]
[Round "3"]
[White "Bakalarczyk, Wlodzimierz"]
[Black "Lachmirowicz, Maciej"]
[Result "1-0"]
[WhiteElo "2037"]
[BlackElo "1778"]
[PlyCount "80"]
[EventDate "2003.06.??"]
[EventType "swiss"]
[EventRounds "9"]
[EventCountry "POL"]
[SourceTitle "EXT 2006"]
[Source "ChessBase"]
[SourceDate "2005.11.24"]
[SourceVersion "1"]
[SourceVersionDate "2005.11.24"]
[SourceQuality "1"]

1. d4 Nf6 2. c4 g6 3. Nc3 Bg7 4. e4 d6 5. Nf3 0-0 6. Be2 a6 7. 0-0 Nc6 8. d5 Ne5 9. Nxe5 dxe5 10. Bg5 h6 11. Bh4 g5 12. Bg3 Ne8 13. Re1 b6 14. Rc1 Nd6 15. f3 f5 16. exf5 Bxf5 17. Bf1 Nf7 18. Ne4 Nd6 19. Nc3 Nf7 20. h3 Qd6 21. a3 Qg6 22. Ne4 h5 23. Nf2 Bf6 24. Bd3 Bxd3 25. Qxd3 Qg7 26. b4 Rad8 27. Qb3 Kh8 28. Re2 Nd6 29. Rce1 Nf5 30. Bxe5 Bxe5 31. Rxe5 Rf7 32. Qc2 Rdf8 33. Qd3 Nh4 34. R5e2 Ng6 35. Re4 Nh4 36. Qd4 Qxd4 37. Rxd4 Rxf3 38. Rxh4 Rxf2 39. Rxh5+ Kg7 40. Rxg5+ Kh6 1-0